000 01467nam a22003737a 4500
003 CHAP
005 20220329143519.0
008 100318s2010 mx r 00010 spa d
010 _a97800
011 _a98772
035 _a109457
040 _cCHAP
090 _aTesis
100 1 _aSandoval García, Marcos Arturo.
_9102124
245 1 0 _aControl químico de la falsa roya blanca de la gerbera (Alburgo candida), en Villa Guerrero, México
_c/por Marco Arturo Sandoval García
260 _aChapingo, Méx. :
_bEl autor,
_c2010
300 _aiv, 55 h. :
_bcuadros, gráfs.
502 _aTesis (Ing. Agr. Esp. en Parasitología Agrícola) - UACH. Departamento de Parasitología Agrícola
530 _aTambién disponible en línea
590 _aALEPH
_b10
_c20130110
_lUCH01
_h1532
590 _aBATCH-UPD
_b10
_c20130110
_lUCH01
_h1352
590 _aBATCH-UPD
_b10
_c20130410
_lUCH01
_h0848
590 _aBATCH-UPD
_b10
_c20130914
_lUCH01
_h1044
590 _aBATCH-UPD
_b10
_c20140324
_lUCH01
_h1515
590 _aBATCH-UPD
_b10
_c20141002
_lUCH01
_h0841
590 _aCONVERSION
_b10
_c20130109
_lUCH01
_h1354
650 0 4 _aControl químico.
_927604
650 0 4 _aGerbera
_xEnfermedades por hongo.
_947728
856 _3Finding aid
_uhttp://10.13.5.2/tesis/109457.pdf
_zTeclea aqui
901 _aBK
942 _cFOLL
949 _bBC
_cTES
_d33724002170967
_eTS1
_gDonaciØn
_h50587
_i109457
_sb
949 _bBC
_cTES
_d33724002171009
_eTS2
_fc.2
_gDonaciØn
_h50588
_i109457
_sb
999 _c97800
_d97800